Statistics for Nationalities in Belarus 1999

Click here to take the quiz!

General Stats

  • This quiz has been taken 74 times
  • The average score is 4 of 5

Answer Stats

PercentageNationality% Correct
11.4%Russian
100%
3.9%Polish
95%
2.4%Ukrainian
93%
81.2%Belarusian
92%
0.3%Jewish
50%

Score Distribution

Percentile by Number Answered

Percent of People with Each Score

Your Score History

You have not taken this quiz